000
00200 a2200097 4500
001
22835
100
_a
Mahamood, S
245
_a
Pakistan Affairs
260
_a
_b
Pubs United
_c
090
_c
15446
_d
15446
942
_a
NUST-CAE
_c
M
_c
6054
999
_c
257908
_d
257908